000 00457cam a2200145 4500500
005 20251012010615.0
041 _afre
042 _adc
100 1 0 _aCerf, Juliette
_eauthor
245 0 0 _aMichel Vaujour. Libre et libéré
260 _c2009.
500 _a62
786 0 _nPhilosophie magazine | 29 | 5 | 2009-05-01 | p. 4-4 | 1951-1787
856 4 1 _uhttps://shs.cairn.info/magazine-philosophie-magazine-2009-5-page-4?lang=fr&redirect-ssocas=7080
999 _c1519909
_d1519909